<?xml version="1.0" encoding="UTF-8"?>
<record
    xmlns:xsi="http://www.w3.org/2001/XMLSchema-instance"
    xsi:schemaLocation="http://www.loc.gov/MARC21/slim http://www.loc.gov/standards/marcxml/schema/MARC21slim.xsd"
    xmlns="http://www.loc.gov/MARC21/slim">

  <leader>00856nam a2200265Ia 4500</leader>
  <controlfield tag="003">OSt</controlfield>
  <controlfield tag="005">20260210161341.0</controlfield>
  <controlfield tag="008">210210b2007   xxu||||| |||| 00| 0 eng d</controlfield>
  <datafield tag="020" ind1=" " ind2=" ">
    <subfield code="a">8186670602</subfield>
  </datafield>
  <datafield tag="040" ind1=" " ind2=" ">
    <subfield code="c">AL</subfield>
  </datafield>
  <datafield tag="041" ind1=" " ind2=" ">
    <subfield code="a">Kannada</subfield>
  </datafield>
  <datafield tag="082" ind1=" " ind2=" ">
    <subfield code="a">306.74K KUSK</subfield>
  </datafield>
  <datafield tag="100" ind1=" " ind2=" ">
    <subfield code="a">KUSUMA SHANABHAGA</subfield>
    <subfield code="d">&#xC95;&#xCC1;&#xCB8;&#xCC1;&#xCAE;&#xCBE; &#xCB6;&#xCBE;&#xCA8;&#xCAD;&#xCBE;&#xC97;</subfield>
    <subfield code="9">254359</subfield>
  </datafield>
  <datafield tag="245" ind1=" " ind2=" ">
    <subfield code="a">Kayada karpanya: laingika vrattiniratara kathevyathe</subfield>
    <subfield code="b">&#xC95;&#xCBE;&#xCAF;&#xCA6; &#xC95;&#xCBE;&#xCB0;&#xCCD;&#xCAA;&#xCA3;&#xCCD;&#xCAF; : &#xCB2;&#xCC8;&#xC82;&#xC97;&#xCBF;&#xC95; &#xCB5;&#xCC3;&#xCA4;&#xCCD;&#xCA4;&#xCBF;&#xCA8;&#xCBF;&#xCB0;&#xCA4;&#xCB0; &#xC95;&#xCA5;&#xCC6;&#xCB5;&#xCCD;&#xCAF;&#xCA5;&#xCC6; </subfield>
  </datafield>
  <datafield tag="260" ind1=" " ind2=" ">
    <subfield code="a">MangaLuru</subfield>
    <subfield code="b">Hemanshu Prakashana</subfield>
    <subfield code="c">2007</subfield>
  </datafield>
  <datafield tag="300" ind1=" " ind2=" ">
    <subfield code="a">100</subfield>
  </datafield>
  <datafield tag="650" ind1=" " ind2=" ">
    <subfield code="a">vrattiniratara</subfield>
    <subfield code="9">254360</subfield>
  </datafield>
  <datafield tag="650" ind1=" " ind2=" ">
    <subfield code="a">laingika</subfield>
    <subfield code="9">254361</subfield>
  </datafield>
  <datafield tag="650" ind1=" " ind2=" ">
    <subfield code="a">KAyada</subfield>
    <subfield code="9">254362</subfield>
  </datafield>
  <datafield tag="650" ind1=" " ind2=" ">
    <subfield code="a">kathevyathe</subfield>
    <subfield code="9">254363</subfield>
  </datafield>
  <datafield tag="650" ind1=" " ind2=" ">
    <subfield code="a">kArpaNya:</subfield>
    <subfield code="9">254364</subfield>
  </datafield>
  <datafield tag="690" ind1=" " ind2=" ">
    <subfield code="a">Social Problems</subfield>
    <subfield code="9">254365</subfield>
  </datafield>
  <datafield tag="906" ind1=" " ind2=" ">
    <subfield code="a">064695</subfield>
  </datafield>
  <datafield tag="942" ind1=" " ind2=" ">
    <subfield code="2">ddc</subfield>
    <subfield code="c">BK</subfield>
  </datafield>
  <datafield tag="999" ind1=" " ind2=" ">
    <subfield code="c">142859</subfield>
    <subfield code="d">142859</subfield>
  </datafield>
  <datafield tag="952" ind1=" " ind2=" ">
    <subfield code="0">0</subfield>
    <subfield code="1">0</subfield>
    <subfield code="2">ddc</subfield>
    <subfield code="4">0</subfield>
    <subfield code="7">0</subfield>
    <subfield code="8">SOC</subfield>
    <subfield code="a">AL</subfield>
    <subfield code="b">AL</subfield>
    <subfield code="c">Sociology</subfield>
    <subfield code="d">2021-02-17</subfield>
    <subfield code="e">Laxmeesha Prakashana, Bantwala-574231</subfield>
    <subfield code="g">75.00</subfield>
    <subfield code="l">1</subfield>
    <subfield code="o">306.74K KUSK</subfield>
    <subfield code="p">064695</subfield>
    <subfield code="r">2026-02-06 09:53:31</subfield>
    <subfield code="s">2026-02-05</subfield>
    <subfield code="w">2021-02-17</subfield>
    <subfield code="y">BK</subfield>
  </datafield>
</record>
